HELP google falls apart-google quiz - Statistics

General Stats
  • This quiz has been taken 9 times
  • The average score is 9 of 10
Answer Stats
Question Answer % Correct
click windows
100%
click chrome
100%
click google
100%
click nintendo
100%
click playstation
88%
click firefox
88%
click mincraft
88%
click xbox
88%
click apple
75%
click the micronesian flag
63%
No matching quizzes found
Score Distribution
Percent of People with Each Score
Percentile by Number Answered
Your Score History
You have not taken this quiz